00524nam a2200193 a 4500001001300000003000900013005001700022008004100039020002300080082001500103100001900118245004500137260003800182300000900220500003500229505001000264650003700274700001900311nice12345678IN_TiNIC20260116012702.0050524s1979 usaa grp 000 0 eng  a0860658 c18500a220.6bMCD aMc Donald, H D aI Want to Know What the Bible Says About aUSAbKingsway Publications c1979 a160p aincludes index and biblioraphy2 aIndex aBible-Criticism & Interpretation1 aMc Donald, H D